00620nam a2200181Ia 4500952014100000999001700141003000400158005001700162008004100179020001800220040000900238082001800247100002600265245004500291260005000336300000900386942004300395 00102ddc40708RELIGIONaMESbMEScRELIGIONd2019-02-20g1295.00l0o201.61 SIN/Pp32597r2019-02-20 00:00:00w2019-02-20yREFzGL48R1 c36937d36937OSt20200611100200.0190216s9999||||xx |||||||||||||| ||und|| a9788183700849 coclc a201.61bSIN/P aSingh, M Kirti 92767 0aPhilosophy And Religion /cM Kirti Singh bAkansha Publishing House,c2008.aNew DelhiL: a504p cREF2ddch201.61iSIN/Pk201.61mSIN/P